| 000 | 00339nam a22001457a 4500 | ||
|---|---|---|---|
| 020 | _qPB. | ||
| 040 | _cFIZZA ISHAQ | ||
| 082 |
_a620.00153 _bJOH |
||
| 100 | _aBIRD,JOHN. | ||
| 245 |
_aBIRD'S ENGINEERING MATHEMATICS / _cJOHN BIRD. |
||
| 250 | _a9TH EDITION. | ||
| 260 |
_a _bROUTLEDGE, _c2021. |
||
| 300 | _a742 P. ; | ||
| 942 |
_2ddc _cBK |
||
| 999 |
_c593390 _d593390 |
||